[Event "FRA-ch Veterans"]
[Site "Pau"]
[Date "2008.08.14"]
[Round "3"]
[White "Guillaumat, Jean Pierre"]
[Black "Chabeaud, Jean Jacques"]
[Result "1-0"]
[WhiteElo "1969"]
[BlackElo "1836"]
[PlyCount "115"]
[EventDate "2008.08.11"]
[EventType "swiss"]
[EventRounds "9"]
[EventCountry "FRA"]
[SourceTitle "CBM 126 Extra"]
[Source "ChessBase"]
[SourceDate "2008.11.05"]
[SourceVersion "1"]
[SourceVersionDate "2008.11.05"]
[SourceQuality "1"]

1. d4 d5 2. Nf3 Nf6 3. b4 c6 4. e3 Bg4 5. Be2 e6 6. a3 Nbd7 7. 0-0 Bd6 8. Nbd2 b5 9. Bb2 Qc7 10. h3 Bh5 11. c3 0-0 12. Re1 e5 13. dxe5 Nxe5 14. Nxe5 Bxe2 15. Qxe2 Bxe5 16. Nf3 Nd7 17. Qc2 Bf6 18. e4 Ne5 19. Nxe5 Bxe5 20. Rad1 Rad8 21. a4 a6 22. axb5 axb5 23. exd5 Rxd5 24. Rxd5 cxd5 25. Qd3 Qb8 26. Qxd5 Bf6 27. Qe4 h6 28. g3 Rd8 29. Kg2 Qc7 30. Re2 Rc8 31. Rc2 Qb6 32. Qf3 Rc4 33. Re2 Qb8 34. Qd3 Qb7+ 35. Kh2 Qc6 36. Re3 g6 37. Qe2 Kg7 38. Qf3 Qc8 39. Kg2 Qb8 40. Rd3 Qc8 41. Qd5 Qc6 42. Qxc6 Rxc6 43. Kf1 Kf8 44. Ke2 Ke7 45. Kd2 h5 46. Kc2 Ke6 47. Bc1 Be7 48. Kb3 f5 49. h4 Rc4 50. Be3 Bd6 51. Rd4 Rc6 52. Bf4 Be7 53. Rd3 Bf6 54. Be3 Be7 55. Bd4 Bf8 56. Re3+ Kd7 57. Re5 f4 58. Rxb5 1-0

[Event "St Chely d'Aubrac op 8th"]
[Site "St Chely d'Aubrac"]
[Date "2008.07.19"]
[Round "9"]
[White "Mayet, Lucas"]
[Black "Guillaumat, Jean Pierre"]
[Result "1/2-1/2"]
[WhiteElo "1695"]
[BlackElo "1969"]
[PlyCount "83"]
[EventDate "2008.07.13"]
[EventType "swiss"]
[EventRounds "9"]
[EventCountry "FRA"]
[SourceTitle "CBM 125 Extra"]
[Source "ChessBase"]
[SourceDate "2008.09.01"]
[SourceVersion "1"]
[SourceVersionDate "2008.09.01"]
[SourceQuality "1"]

1. d4 d5 2. c4 c6 3. Nf3 Nf6 4. Nc3 e6 5. e3 Bd6 6. Qc2 0-0 7. Bd3 Nbd7 8. 0-0 e5 9. cxd5 cxd5 10. e4 dxe4 11. Nxe4 Nxe4 12. Bxe4 h6 13. Be3 Qe7 14. Rfe1 Re8 15. dxe5 Nxe5 16. h3 Nxf3+ 17. Bxf3 Be6 18. Bd4 Rac8 19. Bc3 b5 20. Qd2 Red8 21. Qe2 Qg5 22. Bg4 Bxg4 23. Qxg4 Qxg4 24. hxg4 b4 25. Bd4 Bh2+ 26. Kxh2 Rxd4 27. f3 Rc2 28. Re8+ Kh7 29. Re7 Rdd2 30. Rxf7 Rxg2+ 31. Kh3 a5 32. Ra7 Rxb2 33. Rxa5 Rge2 34. a4 Re3 35. Rf5 Ra3 36. Rd1 Rxa4 37. Rd7 Ra8 38. Rff7 Rg8 39. f4 b3 40. Rb7 Rb1 41. f5 b2 42. Kg2 1/2-1/2

[Event "St Chely d'Aubrac op 8th"]
[Site "St Chely d'Aubrac"]
[Date "2008.07.17"]
[Round "7"]
[White "Manser, Lucas"]
[Black "Guillaumat, Jean Pierre"]
[Result "1/2-1/2"]
[WhiteElo "1740"]
[BlackElo "1969"]
[PlyCount "105"]
[EventDate "2008.07.13"]
[EventType "swiss"]
[EventRounds "9"]
[EventCountry "FRA"]
[SourceTitle "CBM 125 Extra"]
[Source "ChessBase"]
[SourceDate "2008.09.01"]
[SourceVersion "1"]
[SourceVersionDate "2008.09.01"]
[SourceQuality "1"]

1. e4 c5 2. d3 g6 3. g3 Bg7 4. Bg2 Nc6 5. f4 d6 6. Nf3 Bg4 7. Nbd2 Qd7 8. h3 Bxf3 9. Nxf3 Nf6 10. 0-0 0-0 11. c3 Rad8 12. Nh2 b5 13. g4 b4 14. f5 bxc3 15. bxc3 d5 16. Qe2 dxe4 17. dxe4 Ne5 18. Nf3 Qd3 19. Qxd3 Nxd3 20. Nh2 Nd7 21. Bd2 N7e5 22. Bg5 f6 23. Bh4 Bh6 24. Nf3 Be3+ 25. Kh1 g5 26. Bg3 Nxf3 27. Rxf3 Bf4 28. Bxf4 Nxf4 29. Bf1 Rd2 30. Bc4+ Kg7 31. Rb1 Rfd8 32. Re1 Rb2 33. a4 Rdd2 34. Bf1 a5 35. Kg1 Kf8 36. Kh1 Ke8 37. Rfe3 e5 38. fxe6 Ke7 39. e5 fxe5 40. Rxe5 Rd5 41. Rxd5 Nxd5 42. c4 Nf4 43. Kg1 Nxe6 44. Bd3 Kf6 45. Bxh7 Nf4 46. Re8 Nxh3+ 47. Kf1 Nf4 48. Ra8 Rb4 49. Rxa5 Rxc4 50. Rb5 Rxa4 51. Rxc5 Ra1+ 52. Kf2 Rh1 53. Bf5 1/2-1/2